000 005900000a22002050004500
003 LK-CoMWRAF
008 230817t ||||| |||| 00| 0 eng d
020 _a9555972230
040 _aLK-CoMWRAF
_dLK-CoMWRAF
_eLK-CoMWRAF
041 _aeng
082 _a410
_bBAL
100 _aBalasooriya, A.S.
245 _aPadasalaigalil Muranpadugalai Mugamaiththuvam Saithal
_b
260 _bNational Institute of Education
_aSri Lanka (Maharagama)
_c1994
300 _ap.284
650 _aConfilct Solved the Problem
650 _aConflict Management in Schools
650 _aTamil
942 _cBK
999 _c1713
_d1713